000 00325nam a22001457a 4500
008 210305b ||||| |||| 00| 0 eng d
020 _a0866884300
041 _aeng
080 _a61
082 _a61
100 _a3
101 _aSHM
245 _aUnderstanding the Patient's Perspective
_cCommision, J
942 _2udc
_cBK
999 _c55893
_d55893